NBA Eastern Conference Playoff Rosters (2023) - Statistics

General Stats
  • This quiz has been taken 8 times
  • The average score is 68 of 108
Answer Stats
GP # Player % Correct
23 13 Bam Adebayo
100%
5 11 Brook Lopez
100%
5 10 Darius Garland
100%
5 45 Donovan Mitchell
100%
3 34 Giannis Antetokounmpo
100%
15 12 Grant Williams
100%
5 12 Grayson Allen
100%
11 11 Jalen Brunson
100%
5 31 Jarrett Allen
100%
20 7 Jaylen Brown
100%
20 0 Jayson Tatum
100%
22 22 Jimmy Butler
100%
9 21 Joel Embiid
100%
20 36 Marcus Smart
100%
23 1 Max Strus
100%
4 33 Nic Claxton
100%
20 44 Robert Williams III
100%
2 33 Robin Lopez
100%
6 11 Trae Young
100%
11 0 Tyrese Maxey
100%
1 3 Aaron Holiday
83%
20 42 Al Horford
83%
5 9 Bobby Portis Jr.
83%
4 2 Cameron Johnson
83%
5 3 Caris LeVert
83%
6 15 Clint Capela
83%
20 9 Derrick White
83%
23 55 Duncan Robinson
83%
5 4 Evan Mobley
83%
22 2 Gabe Vincent
83%
5 35 Isaac Okoro
83%
4 99 Jae Crowder
83%
6 1 Jalen Johnson
83%
11 3 Josh Hart
83%
5 21 Jrue Holiday
83%
10 30 Julius Randle
83%
20 42 Kevin Love
83%
5 22 Khris Middleton
83%
23 7 Kyle Lowry
83%
4 1 Mikal Bridges
83%
11 23 Mitchell Robinson
83%
6 17 Onyeka Okongwu
83%
10 11 Payton Pritchard
83%
4 26 Spencer Dinwiddie
83%
2 43 Thanasis Antetokounmpo
83%
23 16 Caleb Martin
67%
2 24 Cam Thomas
67%
6 12 De'Andre Hunter
67%
5 5 Dejounte Murray
67%
4 28 Dorian Finney-Smith
67%
11 1 James Harden
67%
4 12 Joe Harris
67%
6 20 John Collins
67%
8 40 Luke Kornet
67%
19 13 Malcolm Brogdon
67%
11 17 P.J. Tucker
67%
11 9 RJ Barrett
67%
4 00 Royce O'Neale
67%
15 30 Sam Hauser
67%
3 30 Seth Curry
67%
11 12 Tobias Harris
67%
1 14 Tyler Herro
67%
1 91 Blake Griffin
50%
6 13 Bogdan Bogdanović
50%
5 16 Cedi Osman
50%
4 14 Danny Green
50%
11 8 De'Anthony Melton
50%
1 4 Derrick Rose
50%
8 5 Immanuel Quickley
50%
7 5 Nikola Jović
50%
8 77 Ömer Yurtseven
50%
4 24 Pat Connaughton
50%
3 13 Ricky Rubio
50%
6 41 Saddiq Bey
50%
2 40 Udonis Haslem
50%
2 23 Wesley Matthews
50%
21 44 Cody Zeller
33%
2 8 DaQuan Jeffries
33%
2 20 Day'Ron Sharpe
33%
2 32 Dean Wade
33%
1 14 Dewayne Dedmon
33%
11 20 Georges Niang
33%
2 31 Goran Dragić
33%
18 24 Haywood Highsmith
33%
4 11 Jaden Springer
33%
4 3 Jevon Carter
33%
5 7 Joe Ingles
33%
2 8 Lamar Stevens
33%
2 0 MarJon Beauchamp
33%
8 2 Miles McBride
33%
2 5 Montrezl Harrell
33%
11 1 Obi Toppin
33%
1 8 Patty Mills
33%
11 44 Paul Reed
33%
9 6 Quentin Grimes
33%
6 18 Shake Milton
33%
2 4 Victor Oladipo
33%
7 25 Daniel House Jr.
17%
1 6 David Duke Jr.
17%
3 30 Furkan Korkmaz
17%
11 55 Isaiah Hartenstien
17%
8 7 Jalen McDaniels
17%
4 99 Justin Champaigne
17%
2 3 Meyers Leonard
17%
6 57 Mike Muscala
17%
2 19 Raul Neto
17%
1 18 Yuta Wantanabe
17%
1 4 Edmond Sumner
0%
No matching quizzes found
Score Distribution
Percent of People with Each Score
Percentile by Number Answered
Your Score History
You have not taken this quiz